<?xml version="1.0" encoding="UTF-8"?>
<record
    xmlns:xsi="http://www.w3.org/2001/XMLSchema-instance"
    xsi:schemaLocation="http://www.loc.gov/MARC21/slim http://www.loc.gov/standards/marcxml/schema/MARC21slim.xsd"
    xmlns="http://www.loc.gov/MARC21/slim">

  <leader>01093nam0a22002531  4500</leader>
  <controlfield tag="001">v19\rc\2054108</controlfield>
  <controlfield tag="005">20260406105938.0</controlfield>
  <datafield tag="035" ind1=" " ind2=" ">
    <subfield code="a">(NLR Aleph) 005131893</subfield>
  </datafield>
  <datafield tag="090" ind1=" " ind2=" ">
    <subfield code="a">4717182</subfield>
    <subfield code="c">4717182</subfield>
  </datafield>
  <datafield tag="100" ind1=" " ind2=" ">
    <subfield code="a">20081111d1908    |||y0rusy50      ca</subfield>
  </datafield>
  <datafield tag="101" ind1="0" ind2=" ">
    <subfield code="a">rus</subfield>
  </datafield>
  <datafield tag="102" ind1=" " ind2=" ">
    <subfield code="a">RU</subfield>
  </datafield>
  <datafield tag="105" ind1=" " ind2=" ">
    <subfield code="a">y   b   |||||</subfield>
  </datafield>
  <datafield tag="200" ind1="1" ind2=" ">
    <subfield code="a">[&#x41A;&#x430;&#x442;&#x430;&#x43B;&#x43E;&#x433; &#x432;&#x441;&#x435;&#x445; &#x436;&#x430;&#x43D;&#x440;&#x43E;&#x432; &#x430;&#x440;&#x442;&#x438;&#x441;&#x442;&#x43E;&#x432; &#x438; &#x430;&#x440;&#x442;&#x438;&#x441;&#x442;&#x43E;&#x43A; &#x441;&#x43E;&#x441;&#x442;&#x430;&#x432;&#x43B;&#x435;&#x43D;&#x43D;&#x44B;&#x439; &#x418;.&#x41F;. &#x41B;&#x443;&#x43F;&#x430;&#x448;&#x43A;&#x43E;]</subfield>
    <subfield code="f">1-&#x435; &#x410;&#x440;&#x442;&#x438;&#x441;&#x442;. &#x430;&#x433;&#x435;&#x43D;&#x442;&#x441;&#x442;&#x432;&#x43E; &#x438; &#x43A;&#x43E;&#x43D;&#x442;&#x43E;&#x440;&#x430; &#x421;&#x435;&#x432;.-&#x417;&#x430;&#x43F;. &#x43A;&#x440;&#x430;&#x44F; &#x418;.&#x41F;. &#x41B;&#x443;&#x43F;&#x430;&#x448;&#x43A;&#x43E;</subfield>
  </datafield>
  <datafield tag="210" ind1=" " ind2=" ">
    <subfield code="a">&#x412;&#x438;&#x43B;&#x44C;&#x43D;&#x430;</subfield>
    <subfield code="d">[1908]</subfield>
  </datafield>
  <datafield tag="215" ind1=" " ind2=" ">
    <subfield code="a">16 &#x441;.</subfield>
  </datafield>
  <datafield tag="540" ind1="1" ind2=" ">
    <subfield code="a">&#x41A;&#x430;&#x442;&#x430;&#x43B;&#x43E;&#x433; &#x432;&#x441;&#x435;&#x445; &#x436;&#x430;&#x43D;&#x440;&#x43E;&#x432; &#x430;&#x440;&#x442;&#x438;&#x441;&#x442;&#x43E;&#x432; &#x438; &#x430;&#x440;&#x442;&#x438;&#x441;&#x442;&#x43E;&#x43A; &#x441;&#x43E;&#x441;&#x442;&#x430;&#x432;&#x43B;&#x435;&#x43D;&#x43D;&#x44B;&#x439; &#x418;.&#x41F;. &#x41B;&#x443;&#x43F;&#x430;&#x448;&#x43A;&#x43E;</subfield>
  </datafield>
  <datafield tag="702" ind1=" " ind2="1">
    <subfield code="a">&#x41B;&#x443;&#x43F;&#x430;&#x448;&#x43A;&#x43E;</subfield>
    <subfield code="b">&#x418;.&#x41F;.</subfield>
    <subfield code="4">220</subfield>
  </datafield>
  <datafield tag="710" ind1="0" ind2="2">
    <subfield code="a">&#x410;&#x440;&#x442;&#x438;&#x441;&#x442;&#x438;&#x447;&#x435;&#x441;&#x43A;&#x43E;&#x435; &#x430;&#x433;&#x435;&#x43D;&#x442;&#x441;&#x442;&#x432;&#x43E; &#x438; &#x43A;&#x43E;&#x43D;&#x442;&#x43E;&#x440;&#x430; &#x421;&#x435;&#x432;&#x435;&#x440;&#x43E;-&#x437;&#x430;&#x43F;&#x430;&#x434;&#x43D;&#x43E;&#x433;&#x43E; &#x43A;&#x440;&#x430;&#x44F; &#x418;. &#x41F;. &#x41B;&#x443;&#x43F;&#x430;&#x448;&#x43A;&#x43E;</subfield>
    <subfield code="c">1; &#x412;&#x438;&#x43B;&#x44C;&#x43D;&#x430;</subfield>
    <subfield code="3">RU\NLR\AUTH\884899</subfield>
    <subfield code="9">281412</subfield>
  </datafield>
  <datafield tag="801" ind1=" " ind2="0">
    <subfield code="a">RU</subfield>
    <subfield code="b">NLR</subfield>
    <subfield code="g">psbo</subfield>
  </datafield>
  <datafield tag="801" ind1=" " ind2="1">
    <subfield code="a">RU</subfield>
    <subfield code="b">ProSoft-M</subfield>
    <subfield code="2">rusmarc</subfield>
  </datafield>
  <datafield tag="852" ind1=" " ind2=" ">
    <subfield code="a">NLR</subfield>
    <subfield code="j">34.85.6.751</subfield>
  </datafield>
  <datafield tag="942" ind1=" " ind2=" ">
    <subfield code="c">BOOK</subfield>
  </datafield>
  <datafield tag="980" ind1=" " ind2=" ">
    <subfield code="a">NB</subfield>
  </datafield>
  <datafield tag="995" ind1=" " ind2=" ">
    <subfield code="5">2013-10-26</subfield>
    <subfield code="b">NLR02</subfield>
    <subfield code="c">NLR02</subfield>
    <subfield code="e">RFS</subfield>
    <subfield code="f">5131893-10</subfield>
    <subfield code="k">34.85.6.751</subfield>
    <subfield code="o">0</subfield>
    <subfield code="r">BOOK</subfield>
    <subfield code="s">34856751_</subfield>
  </datafield>
</record>
